000 00292nam a22001337a 4500
008 170315b xxu||||| |||| 00| 0 eng d
020 _a9780130089069
041 _aeng
080 _a591
100 _a7
101 _aSHM
245 _aATLAS OF THE HUMAN BODY
_cMARTINI, F.H
942 _2udc
_cBK
999 _c7869
_d7869